| 000 | 01499cam a22004094i 4500 | ||
|---|---|---|---|
| 003 | PE-LiUPU | ||
| 005 | 20250731172856.0 | ||
| 008 | 150623s r 000 0 d | ||
| 035 | _a(Sirsi) a164008 | ||
| 040 |
_aPE-LiUPU _bspa _cPE-LiUPU _erda |
||
| 082 | 0 | 4 |
_a261 _bM12 _221 |
| 100 | 1 |
_aMcCall, William, _eautor. |
|
| 245 | 1 | 0 | _aReligión y relaciones humanas. |
| 264 | 1 |
_aBuenos Aires : _bAsociación Casa Editora Sudamericana, _c2004. |
|
| 300 |
_a127 páginas ; _c20 centímetros. |
||
| 336 |
_atext _2rdacontent |
||
| 337 |
_aunmediated _2rdamedia |
||
| 338 |
_avolume _2rdacarrier |
||
| 505 | 0 | _aLa comunidad -- Los padres -- La paternidad -- El matrimonio -- La amistad -- El mundo del trabajo -- Las autoridades civiles -- Los líderes -- El mundo. | |
| 526 | _aSEG42 | ||
| 526 | _aSEG41 | ||
| 526 | _aSEG40 | ||
| 526 | _aSEG39 | ||
| 526 | _aP94 | ||
| 526 | _aP87 | ||
| 526 | _aP86 | ||
| 526 | _aP85 | ||
| 526 | _aP77 | ||
| 526 | _aP76 | ||
| 526 | _aP35 | ||
| 910 |
_ajck _bncf _cncf _d20161005 |
||
| 942 |
_2ddc _cBOOK |
||
| 949 |
_a261 M12 _wDEWEY _c1 _i74828 _lCCODEBUL1 _mBUL _p5.50 _r0 _sY _tBOOK _u2016-10-05 _xTEOLOGIA _PP35 _0DONACION _o.STAFF. Colección Teología |
||
| 596 | _a1 | ||
| 999 |
_a261 M12 _wDEWEY _c12866 _i74828 _d12866 _f2021-11-10 _g5 _lCCODEBUL1 _mBUL _p5.50 _q1 _r0 _sY _tBOOK _u2016-10-5 _xTEOLOGIA _PP35 _0COMPRA _o.STAFF. Colección Teología |
||
| 980 |
_81 _gALBERTO SANCHEZ Responsable de Automatización |
||